000 01393nam a2200241Ia 4500
003 Ost
005 20260507075530.0
008 260507s9999||||xx |||||||||||||| ||und||
020 _a97735008201
040 _cfsecg
041 _aara
082 _a332.36
100 _aناصر، جلال
_eمؤلف
245 0 _aالاستثمار و الشركات المتعددة الجنسية :
_bالأسلوب العملي لحماية الملكية الفكرية /
_c جلال ناصر
260 _aالجزائر:
_bدار الكتاب الحديث,
_c2009
300 _a384 صفحة؛
_bإيضاحات ؛
_c25 سم
504 _aبيبليوغرافيا: ص ص.363-377
520 _aالإقتصاد الجديد وصناعة البرمجيات وتكنولوجيا المعلومات في مصر، الفجوة التكنولوجية وأهمية البحث والتطوير في صناعة البرمجيات وتكنولوجيا المعلومات، الإقتصاد الجديد واستثمارات الشركات متعددة الجنسيات، الإقتصاد الجديد والقدرة التنافسية لتسويق البرمجيات المصرية، حقوق الملكية الفكرية في الدول العربية ومصر
653 _aالإستثمار
653 _aالشركات الدولية
653 _aالملكية الفكرية
942 _cكتاب
999 _c44816
_d44816